Asbestos - know your responsibilities (Record no. 72775)

MARC details
000 -LEADER
fixed length control field 01486cam a2200217 4500
001 - CONTROL NUMBER
control field WB3920-03
008 - FIXED-LENGTH DATA ELEMENTS--GENERAL INFORMATION
fixed length control field 030528n2003 000 0 eng u
035 ## - SYSTEM CONTROL NUMBER
System control number (Sirsi) u122441
245 ## - TITLE STATEMENT
Title Asbestos - know your responsibilities
260 ## - PUBLICATION, DISTRIBUTION, ETC.
Date of publication, distribution, etc. 2003
490 ## - SERIES STATEMENT
Series statement RICS Building Surveying Faculty News
Volume/sequential designation 21 May 2003 (1)
520 ## - SUMMARY, ETC.
Summary, etc. RICS Books has published "Asbestos - know your responsibilities", a new guidance note on asbestos and its implications for surveyors and their clients. The scope of the surveyor's responsibilities has widened following the introduction of the Control of Asbestos at Work Regulations 2002. The new guidance will assist surveyors to understand the dangers to health and business, to protect their professional indemnity insurance, to comply with legislation and regulations and to implement an effective management plan. ISBN 1842190636. £30 RICS members £40.00 non-members. It can be ordered online from http://www.ricsbooks.com/ or [email protected] or t +44 (0)870 333 1600. http://www.rics.org/ricscms/bin/show?class=News&template=/includes/shownews.html&id=5887&faculty=Building%20Surveying&faculty=All%20Faculties
590 ## - LOCAL NOTE (RLIN)
Local note WB
650 ## - SUBJECT ADDED ENTRY--TOPICAL TERM
Topical term or geographic name entry element MANAGEMENT-HEALTH AND SAFETY-HAZARDOUS SUBSTANCES-ASBESTOS
650 ## - SUBJECT ADDED ENTRY--TOPICAL TERM
Topical term or geographic name entry element PROFESSIONAL INDEMNITY
650 ## - SUBJECT ADDED ENTRY--TOPICAL TERM
Topical term or geographic name entry element HEALTH AND SAFETY
9 (RLIN) 6244
650 ## - SUBJECT ADDED ENTRY--TOPICAL TERM
Topical term or geographic name entry element CONTROL OF ASBESTOS AT WORK REGULATIONS 2002
650 ## - SUBJECT ADDED ENTRY--TOPICAL TERM
Topical term or geographic name entry element ASBESTOS REMOVAL
690 ## - LOCAL SUBJECT ADDED ENTRY--TOPICAL TERM (OCLC, RLIN)
Topical term or geographic name as entry element BUILT ENVIRONMENT-BUILDING INSPECTION
942 ## - ADDED ENTRY ELEMENTS (KOHA)
Suppress in OPAC 0
Holdings
Withdrawn status Lost status Source of classification or shelving scheme Damaged status Not for loan Home library Current library Shelving location Date acquired Total Checkouts Full call number Barcode Date last seen Copy number Price effective from Koha item type
    Dewey Decimal Classification     London London News article 28/05/2003   WB3920-03 122441-1001 06/08/2019 1 06/08/2019 News article